Statistics for Black and white animals - image quiz

Click here to take the quiz!

General Stats

  • This quiz has been taken 55 times
  • The average score is 11 of 16

Answer Stats

Answer % Correct
Zebra
100%
Panda
98%
Penguin
94%
Skunk
92%
Dalmatian
92%
Ostrich
90%
Orca
86%
Badger
84%
Ringtail Lemur
82%
White tiger
61%
Magpie
61%
Collie
57%
Tapir
49%
Holstein Friesian
10%
Bowhead whale
6%
White Admiral
2%

Score Distribution

Percentile by Number Answered

Percent of People with Each Score

Your Score History

You have not taken this quiz